<?xml version="1.0" encoding="UTF-8"?>
<record
    xmlns:xsi="http://www.w3.org/2001/XMLSchema-instance"
    xsi:schemaLocation="http://www.loc.gov/MARC21/slim http://www.loc.gov/standards/marcxml/schema/MARC21slim.xsd"
    xmlns="http://www.loc.gov/MARC21/slim">

  <leader>02056cam a2200169   4500500</leader>
  <controlfield tag="005">20260426011149.0</controlfield>
  <datafield tag="041" ind1=" " ind2=" ">
    <subfield code="a">fre</subfield>
  </datafield>
  <datafield tag="042" ind1=" " ind2=" ">
    <subfield code="a">dc</subfield>
  </datafield>
  <datafield tag="100" ind1="1" ind2="0">
    <subfield code="a">Gruson, Pascale</subfield>
    <subfield code="e">author</subfield>
  </datafield>
  <datafield tag="245" ind1="0" ind2="0">
    <subfield code="a">Protestantisme, lib&#xE9;ralisme, &#x153;cum&#xE9;nisme</subfield>
  </datafield>
  <datafield tag="260" ind1=" " ind2=" ">
    <subfield code="c">2001.
							</subfield>
  </datafield>
  <datafield tag="500" ind1=" " ind2=" ">
    <subfield code="a">7</subfield>
  </datafield>
  <datafield tag="520" ind1=" " ind2=" ">
    <subfield code="a">R&#xE9;sum&#xE9;D&#xE8;s le moment de la R&#xE9;forme, l&#x2019;&#xC9;glise protestante s&#x2019;est constitu&#xE9;e en une communaut&#xE9; plurielle, marqu&#xE9;e par des sensibilit&#xE9;s diverses. Cette diversit&#xE9; para&#xEE;t justifier le constat de tendances plus lib&#xE9;rales marquant une confiance plus optimiste dans les capacit&#xE9;s d&#x2019;action des hommes, tandis que des tendances plus doctrinales soulignent plus volontiers le poids du mal. Apr&#xE8;s le rappel des caract&#xE9;ristiques et d&#xE9;veloppements d&#x2019;une tradition lib&#xE9;rale moderne au XIXe si&#xE8;cle, avec l&#x2019;&#xE9;vocation de la figure d&#x2019;Harnack, l&#x2019;auteur soul&#xE8;ve la question des rapports de cette tradition avec le mouvement &#x153;cum&#xE9;nique, rapports marqu&#xE9;s par les &#xE9;v&#xE9;nements li&#xE9;s aux deux Guerres mondiales, ce qui lui fait &#xE9;voquer en terminant la figure de Karl Barth.</subfield>
  </datafield>
  <datafield tag="520" ind1=" " ind2=" ">
    <subfield code="a">From the moment of the Reformation the Protestant Church constituted itself into a plural community, marked by diverse sensibilities. This diversity appears to justify the appearance of more liberal tendencies, which indicate a more optimistic confidence in the capacities of men&#x2019;s actions, while the more doctrinal tendencies readily underline the weight of evil. After recalling the characteristics and developments of the modern liberal tradition in the 19th century, evoking the personage of Harnack, the author raises the question of the relationships of this tradition with the ecumenical movement. These relationships were effected by the events related to the two World Wars, which leads the author to refer, at the end, to Karl Barth.</subfield>
  </datafield>
  <datafield tag="786" ind1="0" ind2=" ">
    <subfield code="n">Recherches de Science Religieuse | 89 | 2 | 2001-06-01 | p. 205-224 | 0034-1258</subfield>
  </datafield>
  <datafield tag="856" ind1="4" ind2="1">
    <subfield code="u">https://shs.cairn.info/revue-recherches-de-science-religieuse-2001-2-page-205?lang=fr&amp;redirect-ssocas=7080</subfield>
  </datafield>
  <datafield tag="999" ind1=" " ind2=" ">
    <subfield code="c">2223311</subfield>
    <subfield code="d">2223311</subfield>
  </datafield>
</record>
